| 000 | 004610000a22001810004500 | ||
|---|---|---|---|
| 003 | MACL | ||
| 005 | 20150704133713.0 | ||
| 008 | 150704b xxu||||| |||| 00| 0 eng d | ||
| 040 |
_aMACL _cmacl |
||
| 041 | _aEnglish | ||
| 082 | _a300/RAO | ||
| 100 |
_aRoa, Mohan _9565 |
||
| 245 |
_aThe Unheard Scream _bReproductive Health and Women's Lires in India |
||
| 260 |
_bZubaan _c2004 _aNew Delhi |
||
| 350 | _a400 | ||
| 650 |
_aSociology _919 |
||
| 942 |
_cBK _k300 _2ddc |
||
| 999 |
_c8109 _d8109 |
||